Olympique Lyonnais - LDC 2020 - Statistiques

Statistiques générales
  • Ce quiz a été pris 1 323 fois
    1 277 depuis la dernière actualisation
  • Le résultat moyen est 25 sur 40
Statistiques - réponses
Journée Phase Score Équipe adverse % Correct
10 Demi 0 - 3 Bayern Munich
96%
9 Quart 1 - 3 Manchester City
96%
Anthony Lopes
95%
7 8ème 1 - 0 Juventus
94%
8 8ème 2 - 1 Juventus
94%
Memphis Depay
86%
Houssem Aouar
85%
Fernando Marcal
80%
Maxwel Cornet
80%
Jason Denayer
79%
Rudi Garcia
79%
Karl Toko-Ekambi
77%
Moussa Dembélé
77%
Bertrand Traoré
73%
Marcelo
73%
Maxence Caqueret
73%
Bruno Guimaraes
72%
Ciprian Tatarusanu
72%
Ryan Cherki
71%
Joachim Andersen
70%
2 Poule 0 - 2 RB Leipzig
70%
6 Poule 2 - 2 RB Leipzig
70%
Léo Dubois
62%
3 Poule 2 - 1 Benfica Lisbonne
60%
4 Poule 3 - 1 Benfica Lisbonne
60%
Kenny Tete
57%
Lucas Tousart
53%
1 Poule 1 - 1 Zénith Saint-Pétersbourg
52%
5 Poule 2 - 0 Zénith Saint-Pétersbourg
52%
Thiago Mendes
51%
Rafael
50%
Jean Lucas
45%
Jeff Reine-Adélaide
42%
Martin Terrier
40%
Youssouf Koné
35%
Amine Gouiri
29%
Anthony Racioppi
25%
Mapou Yanga-Mbiwa
14%
Oumar Solet
10%
Boubacar Fofana
6%
Aucun quiz correspondant
Distribution des résultats
% des personnes avec chaque résultat
Percentile par nombre de réponses
Votre historique - résultats
Vous n’avez pas pris ce quiz depuis la dernière actualisation